00662nam a2200193Ia 4500008004100000020001500041041001200056082001600068100002400084245006700108250000800175260004800183300000800231650001500239700002000254942000700274999001500281952017200296221030s9999 xx 000 0 und d a8122411967 aEnglish a105.23bKot aC. P. Kothandaraman 0aBasic Fluid Mechanciscby C. P. Kothandaraman, R. Rudramoorthy a2nd bNew Age International Pub.aNew Delhic1998 a648 aMechanical aR. Rudramoorthy cBK c3316d3316 pBE 5521g250.00l0o105.23 Kotr2024-06-13 00:00:00w2022-10-30yBK003Print4070aMIETLIBbMIETLIBcBL-Academic Bolck C, FL-2, CUP-160, SH-6, R-6d2002-06-1710HBE